00787 2200277 4500001002100000005001700021008004100038020001800079035002500097082001000122090001700132100001900149245010200168250001100270260003100281300003200312500002900344650001000373850001200383990001800395990001800413990002100431990001800452990002100470990001800491YOGYA-0209000003725020150706112706.0 ind  a979-21-0771-1 a0010-020900000037250 a632.5 a632.5bBar P aBARUS, Emanuel aPengendalian gulma di perkebunanb: efektivitas dan efisiensi aplikasi herbisidac/ Emanuel Barus aCet. 1 aYogyakartabKanisiusc2003 a194 hlm. :bilus. ;c21 cm. aBibliografi : hlm. 54-56 aGulma aYOPDYOG a11277-PD/B.05 a11278-PD/B.05 aCB-D.11-2003-509 a11277-PD/B.05 aCB-D.11/2003-509 a11278-PD/B.05